000 00523nam a2200169 a 4500
005 20240625063631.0
008 991125s1985 mx 000 0 spa u
035 _aUPN01000001077
049 _aCG
050 4 _aP118.4
_bA3.6
245 0 3 _aLa adquisición del lenguaje /
_cRebeca Casanova Becerra ... [et al.].
260 _aMéxico :
_bSEP, Dirección General de Educación Especial,
_c1985.
300 _a72 p.
650 4 _aAdquisición del lenguaje
_9220
700 1 _aCasanova Becerra, Rebeca,
_ecoaut.
905 _aLibro
999 _c1077
_d1077